000 00828nam a2200241 i 4500
001 000036022
003 DO-SdBNP
005 20260203131306.0
007 ta
008 111123s1997 dr ac 000 0 spa d
040 _aDO-SdBNP
_bspa
_cBNPHU
_erda
041 _aspa
082 4 _axxx
_bB641d
_222
100 1 _aBlanco, Dionisio,
_d1953-
_eautor
_962064
_4aut.
245 1 0 _aDionisio Blanco (Dominican Republic) :
_brecent paintings, December 4 - December 18.
246 1 4 _aDionisio Blanco :
_bsembradores sobre la memoria de la tierra.
264 _aSanto Domingo :
_bThe Embassy, Gallery of International Art,
_c1997.
300 _a[8 páginas] :
_bilustraciones, retratos ;
_c22 cm.
336 _atexto
_btxt
_2rdacontent
337 _asin mediación
_bn
_2rdamedia
338 _avolumen
_bnc
_2rdacarrier
942 _2ddc
_cLF2
999 _c35513
_d35513